[Event "LEM 2017"]
[Site "?"]
[Date "2017.05.28"]
[Round "7.1"]
[White "Hartge, Gedeon"]
[Black "Schuetze, Norman"]
[Result "1/2-1/2"]
[WhiteElo "2093"]
[BlackElo "2295"]
[PlyCount "120"]
[EventDate "2017.??.??"]

1. d4 Nf6 2. c4 e6 3. Nc3 Bb4 4. e3 d5 5. a3 Bxc3+ 6. bxc3 c6 7. Qc2 O-O 8. Nf3
b6 9. cxd5 cxd5 10. Bd3 Ba6 11. O-O Qc8 12. a4 Bxd3 13. Qxd3 Nc6 14. Ba3 Re8
15. Nd2 Na5 16. Bb4 Nc4 17. Nxc4 dxc4 18. Qc2 Qc6 19. a5 b5 20. a6 e5 21. Rfb1
Nd5 22. Bc5 Nc7 23. Ra5 Re6 24. Qf5 h6 25. Qf3 e4 26. Qh5 Rd8 27. Bxa7 Rd5 28.
Qh3 Nxa6 29. g3 Qc7 30. Rba1 Qb7 31. Bc5 Nxc5 32. Ra8+ Kh7 33. R1a7 Qc6 34.
dxc5 Rde5 35. Rf8 Rf6 36. Rc8 Qd5 37. Rd7 Qe6 38. Qxe6 Rexe6 39. Rb8 Ra6 40.
Rd6 Raxd6 41. cxd6 Rxd6 42. Rxb5 Rd3 43. Re5 Rxc3 44. Rxe4 Rc1+ 45. Kg2 g5 46.
g4 Kg6 47. Kf3 Rc2 48. Re7 f6 49. Rc7 h5 50. gxh5+ Kxh5 51. Rh7+ Kg6 52. Rc7 c3
53. e4 Rc1 54. h3 c2 55. Kg2 Re1 56. Rxc2 Rxe4 57. Ra2 f5 58. Ra6+ Kh5 59. Ra8
Rb4 60. Rg8 g4 1/2-1/2

[Event "LEM 2017"]
[Site "?"]
[Date "2017.05.28"]
[Round "7.2"]
[White "Hentzgen, Thomas"]
[Black "Muehlen, Thomas"]
[Result "1/2-1/2"]
[WhiteElo "2009"]
[BlackElo "1972"]
[PlyCount "29"]
[EventDate "2017.??.??"]

1. c4 e6 2. g3 d5 3. Nf3 Nf6 4. Bg2 g6 5. b3 Bg7 6. Bb2 O-O 7. O-O Nbd7 8. d3
Re8 9. Nbd2 c6 10. Rc1 b6 11. Qc2 Bb7 12. d4 Rc8 13. Qb1 Ba6 14. Rfe1 c5 15. e3
1/2-1/2

[Event "LEM 2017"]
[Site "?"]
[Date "2017.05.28"]
[Round "7.3"]
[White "Heyder, Florian"]
[Black "Ozeran, Volodymyr"]
[Result "1-0"]
[WhiteElo "2186"]
[BlackElo "2119"]
[PlyCount "121"]
[EventDate "2017.??.??"]

1. e4 c6 2. Nc3 d5 3. Nf3 dxe4 4. Nxe4 Bf5 5. Ng3 Bg4 6. h3 Bxf3 7. Qxf3 Nf6 8.
Bc4 e6 9. O-O Be7 10. c3 O-O 11. d4 Nbd7 12. Re1 Re8 13. Bb3 Bd6 14. Bg5 h6 15.
Bd2 Qc7 16. Ne4 Nxe4 17. Rxe4 Nf6 18. Re2 Nd5 19. c4 Nf4 20. Re4 Ng6 21. Bc2 f5
22. Ree1 Qf7 23. g3 Rad8 24. Rad1 Be7 25. d5 cxd5 26. cxd5 exd5 27. Qxf5 Qxf5
28. Bxf5 Nf8 29. Bc3 Kf7 30. Re5 d4 31. Rxd4 Bf6 32. Rxe8 Rxe8 33. Rc4 Bxc3 34.
Rxc3 Re2 35. Rc2 Rxc2 36. Bxc2 Nd7 37. f4 Kf6 38. Kf2 Ke6 39. Ke3 Nf6 40. g4 g5
41. Bb3+ Kd6 42. fxg5 hxg5 43. Kd4 b6 44. a3 Nd7 45. Ba2 Nf6 46. b4 a5 47. Bb3
axb4 48. axb4 Nd7 49. Ke4 Ne5 50. Kf5 Nf3 51. Bd1 Ng1 52. Kxg5 Nxh3+ 53. Kf6
Nf4 54. Bf3 Nd3 55. b5 Ne5 56. Be2 Nd7+ 57. Kg7 Ke7 58. g5 Ne5 59. g6 Nd7 60.
Kh8 Ne5 61. Bh5 1-0

[Event "LEM 2017"]
[Site "?"]
[Date "2017.05.28"]
[Round "7.4"]
[White "Goergens, Michael"]
[Black "Paul, Johannes"]
[Result "0-1"]
[WhiteElo "2021"]
[BlackElo "2304"]
[PlyCount "102"]
[EventDate "2017.??.??"]

1. e4 c5 2. Nc3 Nc6 3. g3 g6 4. Bg2 Bg7 5. d3 e6 6. Be3 d6 7. Qd2 Rb8 8. a4 Nd4
9. Nge2 Ne7 10. Nd1 Qc7 11. Nc1 O-O 12. c3 Ndc6 13. Bh6 Bxh6 14. Qxh6 e5 15. h4
f6 16. Qd2 f5 17. Ne3 f4 18. Nd5 Nxd5 19. exd5 Ne7 20. Be4 Bf5 21. Ne2 Bxe4 22.
dxe4 f3 23. Ng1 Qd7 24. Nh3 Qg4 25. Qe3 h6 26. O-O-O Kg7 27. Rde1 Rf7 28. Qd3
a6 29. Re3 b5 30. Ng1 c4 31. Qd1 Rbf8 32. axb5 axb5 33. Kc2 Nc8 34. Qa1 Qd7 35.
Qa6 Ne7 36. Rh3 Ng8 37. g4 Qxg4 38. Rg3 Qxg3 39. fxg3 f2 40. Ne2 Rf6 41. Qxb5
f1=Q 42. Qxc4 Ra8 43. Qc6 Ra1 44. Kb3 Qf2 45. Qb6 Kh8 46. g4 Rf3 47. Qxd6 Rxe3
48. g5 Rxe4 49. Qxg6 Rxe2 50. gxh6 Rxb2+ 51. Kc4 Ra4+ 0-1